000 00461nam a2200169Ia 4500
008 230917s9999||||xx |||||||||||||| ||und||
020 _cRS550
040 _e223069
_aMAIN
041 _aEnglish
082 _a658.3 M311T(7)
100 _aMamoria, C B
245 0 _aTextbook of human resource management.
250 _a7th ed.
260 _aMumbai
_bHimalaya Publishing House
_c2014
500 _a1864 19/01/2015 UBC 7345 05/02/2015 Main Budget
942 _cBK
999 _c13842
_d13842